000 00296nam a22001337a 4500
008 170616b xxu||||| |||| 00| 0 eng d
020 _a753849076162
041 _aeng
080 _a32
100 _a20
101 _aSHP
245 _aINTELLIGENCE: THE HUMAN FACTOR
_cLANG,C.W
942 _2udc
_cBK
999 _c17904
_d17904